[Event "Tata Steel India 2018-Rapid"]
[Site "Kolkata"]
[Date "2018.11.10"]
[Round "4"]
[White "Vidit, Santosh Gujrathi"]
[Black "Anand, Viswanathan"]
[Result "1/2-1/2"]
[WhiteElo "2702"]
[BlackElo "2773"]
[Annotator "TA"]
[PlyCount "58"]
[EventDate "2018.11.09"]
[EventType "tourn"]
[EventCountry "IND"]
[SourceTitle "playchess.com"]
[Source "ChessBase"]
[SourceQuality "1"]

{[%evp 15,58,1,4,-10,-2,-11,-8,-4,0,-33,-6,-14,0,-22,-25,-47,-48,-48,-58,-81,-50,-43,-47,-59,-51,-46,-45,-53,-19,-20,0,0,0,-80,-12,-20,-4,-4,0,-8,-8,-8,-8,-8,0]} 1. Nf3 d5 2. e3 c5 3. d4 Nf6 4. c4 cxd4 5. exd4 g6 6. Nc3 Bg7 7. Qb3 dxc4 8. Bxc4 O-O {LiveBook: 17 Games. B14: Caro-Kann: Panov-Botvinnik Attack with 5...e6 and 5...g6} 9. d5 Nbd7 10. O-O Nb6 11. Bg5 $146 ({Predecessor:} 11. Be3 Nxc4 12. Qxc4 e6 13. d6 b6 14. Qh4 Qxd6 15. Rfd1 Nd5 16. Nxd5 exd5 {½-½ (32) Nazaryev,S (2254)-Panarin,M (2521) Voronezh 2010}) 11... h6 12. Bh4 Nxc4 13. Qxc4 e6 {[%cal Re6d5]} 14. Rfd1 g5 {[#] White must now prevent ...exd5.} 15. dxe6 Bxe6 16. Qb4 a5 17. Qa3 Qe8 18. Bg3 b5 19. b4 {[#]} Nd5 $1 {[%mdl 512]} 20. Nxd5 Bxd5 21. Rac1 axb4 (21... Qe2 $5 {[%cal Rg7b2]} 22. Rd2 (22. Rxd5 Bb2 $17) 22... Qe4 23. bxa5 b4 $15) 22. Qxb4 Bxf3 23. gxf3 Rxa2 24. Re1 (24. Kg2 $11) 24... Qd7 ({Black should try} 24... Qa8 $17 25. Qxb5 Qxf3) 25. Rb1 {The position is equal.} Qc6 26. Kg2 $1 f5 {Strongly threatening ...f4.} 27. Be5 {Threatens to win with Rbc1.} Qc2 28. Qb3+ Qxb3 29. Rxb3 Re8 {Precision: White = 45%, Black = 48%.} 1/2-1/2

[Event "Tata Steel India 2018-Rapid"]
[Site "Kolkata"]
[Date "2018.11.10"]
[Round "4"]
[White "Ganguly, Surya Shekhar"]
[Black "Karjakin, Sergey"]
[Result "0-1"]
[WhiteElo "2615"]
[BlackElo "2753"]
[Annotator "TA"]
[PlyCount "84"]
[EventDate "2018.11.09"]
[EventType "tourn"]
[EventCountry "IND"]
[SourceTitle "playchess.com"]
[Source "ChessBase"]
[SourceQuality "1"]

{[%evp 24,84,-18,-10,0,0,0,0,0,-29,-39,-26,-17,-22,-5,-16,-13,-32,-8,-28,0,-1,0,-69,14,-47,-39,-16,-6,-157,-132,-157,-141,-129,-123,-519,-557,-558,-549,-549,-546,-512,-520,-745,-698,-757,-756,-679,-425,-1110,-980,-1539,-1425,-1398,-1295,-6087,-5369,-5281,-5202,-5357,-5208,-5310,-5293]} 1. e4 e5 2. Nf3 Nc6 3. Bc4 Bc5 4. c3 Nf6 5. d3 d6 6. b4 Bb6 7. a4 a5 8. b5 Ne7 9. O-O Ng6 10. Bb3 O-O 11. Nbd2 c6 12. Nc4 {C54: Giuoco Piano: 4 c3 Nf6, main lines with 5 d4 and 5 d3} Bc7 13. Re1 {LiveBook: 17 Games} Be6 (13... h6 14. d4 Be6 15. Ba3 Bxc4 16. Bxc4 Re8 17. Bb3 d5 18. exd5 cxd5 19. dxe5 Nxe5 {0-1 (43) Caruana,F (2823)-Nakamura,H (2779) Saint Louis 2016}) 14. Ba3 {The position is equal.} Re8 15. Ng5 Bxc4 16. Bxc4 d5 17. Ba2 $146 ({Predecessor:} 17. Bb3) 17... Bd6 18. Bxd6 Qxd6 19. Rb1 h6 20. Nf3 $1 Rad8 {White should prevent ...dxe4.} 21. Qc2 Re7 22. bxc6 bxc6 23. exd5 (23. g3 $11) 23... Nxd5 ({Better is} 23... cxd5 $15 24. Rb5 Rc7) 24. d4 ({White should play} 24. g3 $11) 24... e4 $15 25. Nd2 Ngf4 {[#] And now ...Qg6 would win.} 26. Nxe4 $2 (26. Nc4 $11 Qg6 27. Ne3) 26... Qg6 $17 {[%csl Gf4][%cal Rg6g2]} 27. g3 Rde8 {[%cal Re7e4]} 28. f3 f5 $40 {[%mdl 128] Black wants a kill.} 29. Qd2 $2 {[%mdl 8192] [#]} (29. Kf1 $17 fxe4 30. gxf4) 29... Nh3+ $19 {Black is clearly winning.} 30. Kg2 fxe4 31. fxe4 Rxe4 32. Rxe4 Rxe4 ({And not} 32... Qxe4+ 33. Kxh3 Qe6+ 34. g4 $11) 33. Rb8+ Kf7 (33... Kh7 $2 34. Bb1 $17) 34. Rb7+ Kf6 35. Bxd5 Nf4+ 36. Qxf4+ (36. Kf1 $142 Nxd5 37. Qf2+ Ke6 38. Qf8 Qf6+ 39. Qxf6+ gxf6 40. Ra7) 36... Rxf4 37. Rf7+ Kg5 38. Rxf4 cxd5 39. h4+ Kh5 40. Kh3 Qe6+ 41. g4+ Kg6 42. Rf5 Qe3+ {Precision: White = 26%, Black = 70%.} 0-1

[Event "Tata Steel India 2018-Rapid"]
[Site "Kolkata"]
[Date "2018.11.10"]
[Round "5"]
[White "Anand, Viswanathan"]
[Black "Harikrishna, Pentala"]
[Result "1/2-1/2"]
[WhiteElo "2773"]
[BlackElo "2729"]
[Annotator "TA"]
[PlyCount "76"]
[EventDate "2018.11.09"]
[EventType "tourn"]
[EventCountry "IND"]
[SourceTitle "playchess.com"]
[Source "ChessBase"]
[SourceQuality "1"]

{[%evp 24,76,6,10,23,14,22,18,12,7,13,14,68,78,66,78,72,71,86,81,96,93,102,31,31,31,30,16,16,24,32,32,38,9,26,22,18,0,0,0,25,2,9,10,12,0,0,0,0,0,0,0,0,0,0]} 1. e4 e5 2. Nf3 Nc6 3. Bc4 Bc5 4. d3 Nf6 5. O-O O-O 6. c3 d6 7. h3 h6 8. Re1 a5 {C54: Giuoco Piano: 4 c3 Nf6, main lines with 5 d4 and 5 d3} 9. Nbd2 {[%cal Bb1d2,Bd2f1,Bf1g3][%mdl 32]} a4 (9... Be6 10. Bb5 Qb8 11. Nf1 Qa7 12. Be3 Bxe3 13. Nxe3 Ne7 14. Ba4 Ng6 15. Bc2 {½-½ (27) Dominguez Perez,L (2739)-Nakamura,H (2777) Saint Louis 2018}) 10. Bb5 Bd7 11. Nf1 Ne7 12. Bxd7 Qxd7 13. Ng3 {LiveBook: 3 Games} Ng6 14. d4 Bb6 15. Be3 Rfe8 $146 ({Predecessor:} 15... exd4 16. cxd4 {½-½ (36) Kadric,D (2522)-Tan,J (2481) Paracin 2018}) 16. Qc2 exd4 17. Bxd4 Ne5 (17... Bxd4 $11 18. cxd4 c6) 18. Nxe5 $14 dxe5 19. Bxb6 cxb6 20. Rad1 Qe6 {[#]} 21. a3 $1 b5 22. Qe2 Qc4 23. Rd3 (23. Nf5 $16) 23... Rad8 $1 {[%cal Rd8d3]} 24. Red1 Rxd3 25. Rxd3 g6 26. f3 Kg7 27. Qd2 Re7 28. Nf1 Qc5+ 29. Ne3 Rd7 $1 30. Kf2 (30. Rxd7 {with more complications.} Nxd7 31. Kf1 Qc6 32. Qd5 Kf6 33. c4) 30... Rxd3 31. Qxd3 Qb6 32. g4 Nh7 {The position is equal.} 33. h4 Qf6 34. Qxb5 {Ng2 is the strong threat.} Qxh4+ 35. Kg2 $1 Qe1 36. Qxe5+ Kg8 37. Nd5 Qe2+ 38. Kg3 {aiming for Ne7+.} Qe1+ {Precision: White = 58%, Black = 52%.} 1/2-1/2

[Event "Tata Steel India 2018-Rapid"]
[Site "Kolkata"]
[Date "2018.11.10"]
[Round "5"]
[White "So, Wesley"]
[Black "Vidit, Santosh Gujrathi"]
[Result "1-0"]
[WhiteElo "2765"]
[BlackElo "2702"]
[Annotator "TA"]
[PlyCount "109"]
[EventDate "2018.11.09"]
[EventType "tourn"]
[EventCountry "IND"]
[SourceTitle "playchess.com"]
[Source "ChessBase"]
[SourceQuality "1"]

{[%evp 27,109,0,25,0,16,3,12,12,25,0,0,15,24,25,19,0,59,18,14,6,12,10,37,37,38,39,72,22,36,28,27,19,17,30,84,86,229,218,179,135,227,63,320,311,447,264,233,171,247,244,262,242,216,169,203,158,158,115,115,129,136,131,12830,210,12829,12832,12833,12833,12832,891,12833,12834,12810,11338,6303,654,29979,29980,12843,12843,12843,12844,12844,12844]} 1. e4 c5 2. Nf3 Nc6 3. d4 cxd4 4. Nxd4 Nf6 5. Nc3 e5 6. Ndb5 {[%cal Bd4b5,Bb5a3,Ba3c2][%mdl 32]} d6 7. Bg5 a6 8. Na3 b5 {[%cal Bb7b5,Bb5b4][%mdl 32]} 9. Nd5 Be7 10. Bxf6 Bxf6 11. c4 b4 {B33: Sicilian: Pelikan and Sveshnikov Variations} 12. Nc2 O-O (12... a5 13. Qf3 Be6 14. Rd1 Bxd5 15. Rxd5 Ne7 16. Rb5 Rb8 17. Bd3 Bg5 18. O-O O-O 19. Rd1 Qc7 20. a3 b3 {½-½ (72) Bogner,S (2619)-Cordova,E (2609) Batumi 2018}) 13. h4 a5 14. g3 a4 {LiveBook: 12 Games} 15. Ndxb4 (15. Bd3 {is interesting.} Be6 16. O-O Rb8 17. b3 Re8 18. Re1) 15... Nxb4 16. Nxb4 Qa5 17. Qd2 $146 ({Predecessor:} 17. a3 Rb8 18. Bd3 Bd8 19. O-O Bd7 20. Be2 Bb6 {1-0 (38) Azad,R (2027)-Karrer,D (2020) Austria 2009}) 17... Rb8 18. a3 Be6 19. O-O-O Rfc8 20. Kb1 (20. Qxd6 $2 Rd8 $17) 20... Qa8 21. f3 (21. Qxd6 $2 Rd8 $19) 21... Be7 (21... Bd8 $1 $11) 22. Bh3 Rxc4 {Hoping for ...d5.} 23. Bxe6 fxe6 24. Rc1 Rbc8 25. Rxc4 Rxc4 26. Rc1 $36 {[%mdl 2048] White has some pressure.} Qc8 27. Rxc4 Qxc4 28. Qd3 Qc5 29. Ka2 Kf7 $1 30. Qa6 d5 (30... Qe3 $11 {keeps the balance.}) 31. Nc6 Bf6 (31... dxe4 $16 {was called for.} 32. fxe4 Qc2) 32. Qxa4 $18 Kg6 33. Na5 Kh6 {[#]} (33... h6 $16 {was worth a try.} 34. Nb3 Qf2) 34. Nb3 $2 (34. Nb7 $1 $18 {[%cal Rb7c5]} Qc1 35. g4) 34... Qf2 $2 {[%mdl 8192] [#]} (34... Qe3 $1 $14) 35. g4 $1 {[%cal Rg4g5]} Qxh4 (35... Qxf3 $142 36. g5+ Bxg5) 36. Qc6 (36. Nc5 $142) 36... Qf2 37. Qxe6 {And now Qf7 would win.} dxe4 (37... Qxf3 $142 38. Qxd5 (38. exd5 Qf2 $16) 38... Qxg4) 38. Qf5 {[%csl Gg4][%cal Rf5h5]} ({Much less strong is} 38. fxe4 $6 g6) 38... Bg5 39. Qxe4 g6 40. Qa8 {[%cal Ra8f8]} ({But not} 40. Qxe5 $6 Qxf3 41. Qe6 Qe3 $16) 40... Bf4 41. Qf8+ Kg5 42. Qd8+ Kh6 43. Qd5 Kg5 44. a4 h5 $2 {[%mdl 8192]} (44... Kh4 $16) 45. Qd8+ Kh6 {[#]} 46. g5+ $1 {[%mdl 512]} Kh7 (46... Bxg5 47. Qh8#) 47. Qe7+ Kg8 48. Qe6+ Kg7 49. Qf6+ Kh7 50. Qf7+ Kh8 51. Qxg6 (51. Qf8+ $142 Kh7 52. Qh6+ Kg8 53. Qxg6+ Kf8 54. Qh7 Bxg5 55. Qf5+ Ke7 56. Qxg5+ Kd6 57. Qg6+ Kd5 58. a5) 51... Qxf3 52. Qe8+ Kg7 53. Qe7+ {White is clearly winning.} Kg8 54. g6 {Qh7+ would kill now.} Qd5 55. Qh7+ {Precision: White = 72%, Black = 36%.} 1-0

[Event "Tata Steel India 2018-Rapid"]
[Site "Kolkata"]
[Date "2018.11.10"]
[Round "5"]
[White "Nakamura, Hikaru"]
[Black "Ganguly, Surya Shekhar"]
[Result "1-0"]
[WhiteElo "2746"]
[BlackElo "2615"]
[Annotator "TA"]
[PlyCount "103"]
[EventDate "2018.11.09"]
[EventType "tourn"]
[EventCountry "IND"]
[SourceTitle "playchess.com"]
[Source "ChessBase"]
[SourceQuality "1"]

{[%evp 14,103,12,12,16,16,23,0,0,-9,0,-8,0,0,0,0,-3,-2,-2,-34,37,22,30,62,89,45,62,43,45,51,52,52,47,52,58,38,264,169,169,169,169,172,166,173,215,213,242,231,139,226,214,76,114,128,127,116,277,279,262,263,293,284,320,318,328,306,340,340,343,170,241,218,284,254,276,239,240,229,418,411,386,241,1072,1065,1031,963,1025,951,986,887,5671,5546]} 1. c4 e5 2. Nc3 Nf6 3. Nf3 Nc6 4. e3 d5 5. cxd5 Nxd5 6. Bb5 Nxc3 7. bxc3 Bd6 8. d4 {LiveBook: 58 Games} Qf6 {A28: English Opening: Four Knights Variation} (8... Bd7 9. O-O Qe7 10. e4 O-O 11. Re1 Nxd4 12. Nxd4 exd4 13. Bxd7 Qxd7 14. cxd4 Bb4 15. Re3 Rad8 16. Bb2 Bc5 17. Rd3 {0-1 (66) Howell,D (2676)-Malakhov,V (2686) Riadh 2017}) 9. O-O $146 ({Predecessor:} 9. dxe5 Bxe5 10. Nxe5 Qxe5 11. Bxc6+ bxc6 12. Qd4 f6 13. O-O Be6 14. e4 Kf7 15. Be3 a5 16. Rfb1 {½-½ (34) Lunek,F (2297)-Lehtinen,P (2286) ICCF email 2015}) 9... O-O 10. Bd3 Bf5 {The position is equal.} 11. Qc2 Bxd3 12. Qxd3 Rfe8 {[#] Hoping for ...e4.} 13. e4 exd4 14. cxd4 {aiming for e5.} Qg6 15. Re1 Rad8 16. Bg5 f6 ({Black should try} 16... Rd7 $1 $15) 17. Bd2 $14 Kh8 18. Qc2 Bf8 19. d5 Nb4 20. Qb1 ({Of course not} 20. Qxc7 Bd6 $15) 20... Na6 $1 {[%cal Bb4a6,Ba6c5,Bc5e4][%mdl 32]} 21. Qxb7 Nc5 22. Qxc7 Nxe4 23. Be3 Bb4 24. Rec1 $36 {[%mdl 2048] White fights for an advantage.} Rxd5 $2 (24... Qh5 $14) 25. Qb7 ({Less strong is} 25. Qxa7 Nc3 $14) 25... Nc3 26. Qxb4 Ne2+ 27. Kh1 Nxc1 28. Rxc1 Red8 29. Bxa7 Rd1+ 30. Rxd1 Rxd1+ 31. Ng1 {[%cal Rb4f8]} h6 {[#]} 32. f3 (32. a4 $1 $18 {and White stays clearly on top.}) 32... Qf7 33. Qb8+ Kh7 34. Qb2 {And now Qc2+ would win.} Qd5 $2 (34... Qc4 $16 35. Bb6 Rc1) 35. a4 $18 Rd2 36. Qb1+ Kh8 37. Bb6 Qg5 {[%csl Gd2][%cal Rg5g2]} 38. Qf1 Rb2 39. a5 Qd2 40. f4 Rb4 41. f5 (41. h3 $142) 41... Qc2 (41... Rb2 {might work better.} 42. Qf3 Qd6 43. Qa8+ Kh7) 42. h3 Rb1 43. Qf2 Qd3 44. Qf3 Qb5 45. Qe4 Rf1 $2 (45... Kh7 {was worth a try.} 46. Kh2 Rb4) 46. Kh2 Rxf5 47. a6 {[%cal Ba5a6,Ba6a7][%mdl 32] Black must now prevent a7.} Re5 $2 (47... Qxb6 48. Qxf5 Qd6+ 49. Kh1 Qxa6) 48. Qb7 {White is clearly winning.} Re8 49. a7 Qe5+ 50. Kh1 Qa1 51. Qb8 Rg8 52. Bd8 {Precision: White = 56%, Black = 39%.} 1-0

[Event "Tata Steel India 2018-Rapid"]
[Site "Kolkata"]
[Date "2018.11.10"]
[Round "5"]
[White "Nihal Sarin"]
[Black "Mamedyarov, Shakhriyar"]
[Result "1/2-1/2"]
[WhiteElo "2576"]
[BlackElo "2817"]
[Annotator "TA"]
[PlyCount "120"]
[EventDate "2018.11.09"]
[EventType "tourn"]
[EventCountry "IND"]
[SourceTitle "playchess.com"]
[Source "ChessBase"]
[SourceQuality "1"]

{[%evp 15,120,8,7,-19,-14,-64,-60,-56,-56,-48,-50,-49,-47,-47,0,-79,-74,-87,-87,-91,-90,-77,-77,-83,-63,-93,-91,-111,-77,-108,-91,-162,-146,-191,-151,-168,-168,-191,-149,-150,-146,-150,-89,-77,-61,-61,0,0,0,0,45,35,70,0,117,115,164,129,133,99,102,95,95,97,99,95,95,95,95,95,160,103,103,103,100,100,100,101,100,101,74,93,94,0,0,0,0,0,0,0,0,0,0,0,0,0,0,0,0,0,0,0,0,0,0,0,0]} 1. e4 e5 2. Nf3 Nc6 3. Bb5 a6 4. Ba4 Nf6 {[%cal Bg8f6,Bf6d7,Bd7f8,Bf8e6][%mdl 32]} 5. O-O Be7 6. Bxc6 dxc6 7. d3 Nd7 8. Nbd2 f6 {LiveBook: 90 Games} 9. a4 {C85: Closed Ruy Lopez: Deferred Exchange Variation} (9. Nh4 g6 10. Nc4 Nc5 11. Be3 Ne6 12. a4 O-O 13. Nf3 c5 14. a5 Rf7 15. Nfd2 Bf8 16. Kh1 b5 17. axb6 cxb6 {½-½ (74) Perez Ponsa,F (2577)-Dominguez Perez,L (2739) chess.com INT 2017}) 9... Nf8 10. a5 $146 ({Predecessor:} 10. Nh4 g6 11. Nc4 h5 12. Qe1 Be6 13. Qc3 Qd7 14. Na5 O-O-O 15. Be3 Qd6 16. Nb3 Qb4 17. Qxb4 Bxb4 {½-½ (37) Pantev,V (2377)-Miron,L (2506) Sunny Beach 2011}) 10... Bg4 11. Nc4 $1 {Black is slightly better.} Ne6 12. Ne3 Bh5 13. Nf5 Qd7 14. Be3 O-O-O 15. h3 (15. Nxe5 $1 $11 {remains equal.} Bxd1 16. Nxd7 Bxc2 17. Nb6+ cxb6 18. Nxe7+ Kb8 19. Rfc1 Bxd3 20. Bxb6) 15... Rhe8 16. Ng3 Bf7 17. Nd2 c5 {[%cal Bc6c5,Bc5d4][%mdl 32]} 18. Nc4 Nd4 19. b3 g5 20. Bxd4 cxd4 21. Qf3 Rf8 22. Nf5 Kb8 23. g4 (23. Nxe7 $17 {was called for.} Qxe7 24. Rfb1) 23... Bb4 24. Kg2 Bc3 25. Rab1 {[#]} h5 $1 {[%mdl 512]} 26. Ng3 (26. gxh5 Rh8) 26... hxg4 27. hxg4 Be6 28. Nf5 Bxc4 (28... Ka7 $142 29. Qe2 Rh8) 29. dxc4 $17 c5 30. Rbd1 Bxa5 ({Black should try} 30... Qc7 $15) 31. Ne3 $1 $11 Rh8 32. Nd5 $1 Rh6 33. Rh1 Rdh8 34. Nxf6 (34. Rxh6 $1 $14 Rxh6 35. Rh1 Rxh1 36. Nxf6) 34... Qf7 (34... Qg7 $11 35. Rxh6 Rxh6) 35. Qf5 $1 $36 {[%mdl 2048] White has strong initiative.} Ka7 36. Rxh6 $1 (36. Qxe5 Qg7 $17) 36... Rxh6 37. Nd7 Qe7 38. Rh1 ({Wrong is} 38. Nxe5 $2 Rf6 $19) 38... Rxh1 39. Kxh1 Bc7 40. Kg2 b5 41. cxb5 $1 axb5 42. Nf6 $1 Qf7 (42... Kb7 $142) 43. Qc8 ({Much weaker is} 43. Qxg5 $6 Bd8 $14) ({White should play} 43. Nh7 Qg8 44. Nf8 (44. Nxg5 c4 $16)) 43... Qxf6 44. Qxc7+ {[%mdl 4096] Endgame KQ-KQ} Ka6 45. Qxc5 Qf4 {[#]} 46. Qc8+ $1 Ka5 47. Qf5 Qd2 48. Qxe5 {Black must now prevent Qc5.} Kb4 {[#]} 49. Qd6+ (49. Qg3 $1 $16 {[%cal Rg3d3] And now Qd3 would win.} Qxc2 50. Qd6+ Kxb3 51. Qxd4) 49... Kc3 $1 $11 {The position is equal.} 50. Qc5+ Kb2 51. e5 {Hoping for e6.} Qf4 52. f3 Qd2+ 53. Kg3 Qe1+ 54. Kg2 Qd2+ 55. Kg3 b4 56. e6 Qe3 57. e7 Qg1+ 58. Kh3 Qh1+ 59. Kg3 Qg1+ 60. Kh3 Qh1+ {Precision: White = 60%, Black = 69%.} 1/2-1/2

[Event "Tata Steel India 2018-Rapid"]
[Site "Kolkata"]
[Date "2018.11.10"]
[Round "6"]
[White "Mamedyarov, Shakhriyar"]
[Black "Anand, Viswanathan"]
[Result "1/2-1/2"]
[WhiteElo "2817"]
[BlackElo "2773"]
[Annotator "TA"]
[PlyCount "97"]
[EventDate "2018.11.09"]
[EventType "tourn"]
[EventCountry "IND"]
[SourceTitle "playchess.com"]
[Source "ChessBase"]
[SourceQuality "1"]

{[%evp 13,97,-48,-44,-54,-32,-76,-42,-34,-43,-33,-38,-48,-33,-69,-62,-80,-62,-67,-45,-76,0,0,0,-32,-19,-61,-60,-51,-31,-69,-58,-57,-50,-18,-8,-12,0,0,14,15,116,75,83,96,158,163,156,158,165,141,146,125,152,152,714,714,676,92,92,92,92,92,92,92,92,92,92,92,92,62,62,62,62,62,62,62,62,62,62,0,0,0,0,0,0,0]} 1. d4 Nf6 2. c4 e6 3. Nf3 d5 4. Bg5 dxc4 5. Nc3 a6 6. a4 Nc6 {D24: Queen's Gambit Accepted: 3 Nf3 Nf6 4 Nc3} 7. e4 (7. e3 Na5 8. Nd2 c5 9. Bxf6 Qxf6 10. d5 Qg6 11. Qf3 exd5 12. Nxd5 Bd6 13. h3 O-O 14. Nxc4 Nxc4 15. Bxc4 Bf5 16. Nc3 Be5 17. O-O {½-½ (17) Bruzon Batista,L (2653)-Liang,A (2572) Saint Louis 2018}) 7... Na5 {LiveBook: 4 Games} 8. Qc2 Be7 $146 {Black is slightly better.} ({Predecessor:} 8... h6 9. Be3 c6 10. Ne5 b5 11. g3 Bb7 12. Bg2 Be7 13. O-O O-O 14. f4 {0-1 (49) Dive,R (2235)-Sadler,M (2385) Hastings 1988}) 9. Rd1 h6 10. Bxf6 $1 Bxf6 11. e5 {Black must now prevent d5.} Be7 $1 12. d5 {And now dxe6 would win.} O-O 13. dxe6 Qe8 14. exf7+ Qxf7 15. Nd5 b5 16. Be2 Be6 (16... Bb7 $17 17. Nxe7+ Qxe7) 17. Nxe7+ $11 Qxe7 18. O-O Nb3 19. Qc3 Rad8 20. Nd4 Nxd4 21. Rxd4 Rxd4 22. Qxd4 Rd8 $1 {[%cal Rd8d4]} 23. Qa7 Rd2 24. Bf3 Rxb2 25. Qxa6 bxa4 26. Qxa4 c3 (26... Bf7 $11) 27. Qa8+ Kh7 28. Qc6 Rb3 (28... Bf5 $142) 29. Be4+ $16 g6 30. Bc2 Ra3 {[#]} 31. h4 $1 {[%mdl 512]} h5 (31... Qxh4 32. Qxe6) 32. Rd1 Ra5 33. Qxc3 Qc5 $2 (33... Ra3 $16 34. Qd4 Ra5) 34. Qd3 $18 Bf5 35. Qb3 $2 (35. Qd8 $18 Qxc2 36. Qe7+ Kh6 37. Qg5+ Kh7 38. Rc1 Qxc1+ 39. Qxc1) 35... Qxe5 $16 {[#]} 36. Bxf5 $1 Qxf5 {[%mdl 4096] Endgame KQR-KQR} 37. Qb8 Rd5 38. Qxc7+ Kh6 39. Re1 {Threatening mate with Re7.} Rd7 40. Qc8 Kh7 41. f3 Rf7 42. Qd8 (42. Qc4 {keeps more tension.} Qf4 43. Re4 Qc7 44. Qb4 Qc1+ 45. Kf2) 42... Qf6 43. Qxf6 Rxf6 $14 {KR-KR} 44. Kf2 Ra6 45. Re4 Kg7 46. g4 (46. Rc4 $14) 46... hxg4 $11 {The position is equal.} 47. fxg4 Ra3 48. h5 gxh5 49. gxh5 {Precision: White = 54%, Black = 60%.} 1/2-1/2

[Event "Tata Steel India 2018-Rapid"]
[Site "Kolkata"]
[Date "2018.11.10"]
[Round "6"]
[White "Nakamura, Hikaru"]
[Black "Nihal Sarin"]
[Result "1-0"]
[WhiteElo "2746"]
[BlackElo "2576"]
[Annotator "TA"]
[PlyCount "105"]
[EventDate "2018.11.09"]
[EventType "tourn"]
[EventCountry "IND"]
[SourceTitle "playchess.com"]
[Source "ChessBase"]
[SourceQuality "1"]

{[%evp 14,105,29,23,29,20,41,22,14,14,14,14,14,9,3,9,22,7,4,0,0,0,0,-10,0,0,19,12,27,0,8,0,5,7,9,11,15,0,0,8,25,25,22,22,30,23,20,12,26,23,33,34,41,47,31,38,54,64,139,145,368,368,353,263,259,255,254,258,245,248,262,262,262,250,244,244,260,254,287,281,427,427,414,403,530,515,29969,29967,29966,29959,29978,29980,29982,29983]} 1. Nf3 Nf6 2. e3 e6 3. c4 d5 4. b3 c5 5. cxd5 exd5 6. Bb2 Nc6 7. Be2 Bd6 8. O-O {LiveBook: 31 Games} O-O {A13: English Opening: 1...e6} 9. d4 (9. Nc3 d4 10. exd4 cxd4 11. Nb5 Bc5 12. Qc2 b6 13. a3 a5 14. h3 Ba6 15. Bc4 Qd7 16. Rfe1 {0-1 (44) Kolosowski,M (2448)-Hess,R (2574) Douglas 2018}) 9... Bg4 10. Nbd2 Rc8 {The position is equal.} 11. Rc1 cxd4 $146 ({Predecessor:} 11... b6 12. Ne5 Bf5 13. Bb5 {0-1 (33) Matveenko,Y (2125)-Sokolovsky,V (2060) Dimitrovgrad 2009}) 12. Nxd4 Nxd4 13. Bxg4 Rxc1 14. Bxc1 Nc6 15. Bf5 Qa5 16. a4 Rd8 17. Bb1 Bb4 18. Qe2 h6 19. Rd1 Re8 20. Qd3 Ne5 21. Qc2 Bc3 22. Nf1 {[%cal Bd2f1,Bf1g3,Bg3e2][%mdl 32]} Nc6 23. Ng3 g6 24. Ne2 Be5 25. Bd2 Qb6 26. h3 d4 27. Qc4 {aiming for Bxg6.} Kg7 28. Kf1 Rd8 {With the idea ...dxe3.} 29. exd4 Nxd4 30. a5 $36 {[%mdl 2048] White is pushing.} Qc6 31. Be3 {[%cal Re2d4]} Qxc4 32. bxc4 {[%cal Re2d4]} Nc6 {[%cal Rd8d1] [#]} 33. Rxd8 Nxd8 34. Bxa7 Nc6 35. Bb6 Bd6 (35... Bb2 $14) 36. Nd4 $16 {[#] Hoping for Nxc6.} Nxd4 $2 (36... Nd7 $16) 37. Bxd4 {[%mdl 4096] Endgame KBB-KBN} Bb4 38. Be4 Bxa5 39. Bxb7 Bd8 40. c5 Kf8 41. Ke2 Ke7 42. Kd3 Ne8 43. Bd5 Nc7 44. Bb3 h5 45. Ke4 Nb5 46. Be3 Nc3+ (46... Nc7 {was called for.} 47. g4 hxg4 48. hxg4 Ne6) 47. Kd4 $18 Nb5+ 48. Kd5 Nc7+ 49. Kc6 Ne6 (49... Ne8 $18 50. Bg5+ f6) 50. Bxe6 {White mates.} Kxe6 51. Kb7 Kd5 52. c6 f5 53. Bb6 {Accuracy: White = 77%, Black = 44%.} 1-0

[Event "Tata Steel India 2018-Rapid"]
[Site "Kolkata"]
[Date "2018.11.10"]
[Round "6"]
[White "Harikrishna, Pentala"]
[Black "So, Wesley"]
[Result "1/2-1/2"]
[WhiteElo "2729"]
[BlackElo "2765"]
[Annotator "TA"]
[PlyCount "79"]
[EventDate "2018.11.09"]
[EventType "tourn"]
[EventCountry "IND"]
[SourceTitle "playchess.com"]
[Source "ChessBase"]
[SourceQuality "1"]

{[%evp 24,79,10,8,20,33,21,19,5,8,16,-5,-4,-68,-22,-16,-31,-31,-29,-25,-24,-19,-4,0,0,-51,-52,-48,-63,-88,-88,-90,-92,-120,-95,-118,-112,-111,-92,-373,-68,-69,-67,-73,-62,-65,-48,-48,-52,-53,-46,-47,-42,-50,-7,-12,0,-13]} 1. e4 e5 2. Nf3 Nc6 3. Bb5 Nf6 4. O-O Nxe4 5. Re1 Nd6 6. Nxe5 Be7 7. Bf1 Nxe5 8. Rxe5 O-O 9. d4 Ne8 {C67: Ruy Lopez: Berlin Defence: 4 0-0 Nxe4} (9... Bf6 10. Re1 Re8 11. c3 Rxe1 12. Qxe1 Ne8 13. d5 c6 14. Nd2 cxd5 15. Nf3 d6 16. Be3 Nc7 17. Qd2 Bd7 18. g3 {½-½ (32) Giri,A (2780)-Caruana,F (2827) Batumi 2018}) (9... Bf6 10. Re1 Re8 11. Rxe8+ Nxe8 12. d5 d6 13. Nd2 c6 14. Nc4 cxd5 15. Qxd5 Qc7 16. Qd3 Be6 17. Ne3 Rd8 18. c3 {½-½ (32) Harikrishna,P (2743)-So,W (2776) Batumi 2018}) 10. c4 Bf6 11. Re1 d5 12. cxd5 Qxd5 13. Be3 {LiveBook: 4 Games} Bf5 14. Nc3 Qd7 15. Qf3 Nd6 {[#]} 16. Bf4 $146 ({Predecessor:} 16. Nd5 Bd8 17. Bf4 {1-0 (26) Fedorchuk,S (2603)-Petkov,V (2456) Metz 2007}) 16... Bg4 17. Qg3 Bxd4 18. Nd5 (18. h3 $11 Bh5 19. Qg5) 18... Nf5 ({Stronger than} 18... Bxb2 19. Rab1 $16) 19. Qxg4 Qxd5 20. Rac1 Rfe8 21. Red1 c5 22. Bc4 Qd7 23. b4 Rac8 $36 {[%mdl 2048] Black is more active.} 24. h3 (24. a4 $11) 24... g6 $1 $15 25. bxc5 Rxc5 26. Bb3 Qc6 27. Rxc5 Bxc5 ({Reject} 27... Qxc5 $6 28. Qf3 $11) 28. Bd5 Qb6 {Hoping for ...h5.} 29. Qf3 Nd4 30. Qg4 Ne2+ 31. Kh1 $2 {[%mdl 8192] [#]} (31. Kh2 $17 {is the only way for White.}) 31... Nxf4 $2 (31... Nc3 $1 $19 {[%cal Rc3d1]} 32. Qd7 Re7 33. Qc8+ Kg7) 32. Qxf4 Re7 33. Bb3 Kg7 34. Kg1 Qf6 35. Qxf6+ Kxf6 36. Kf1 b5 37. Rd8 Rc7 38. Ke2 Ke7 39. Rh8 Kf6 40. Rxh7 {Precision: White = 56%, Black = 47%.} 1/2-1/2